Investigating the impact of curriculum revamping on first year students productivity skills (Record no. 356201)

000 -LEADER
fixed length control field 00500nam a2200145 4500
082 ## - DEWEY DECIMAL CLASSIFICATION NUMBER
Classification number MSITE-3 SAD
100 ## - MAIN ENTRY--PERSONAL NAME
Personal name Sadaf Munir
245 ## - TITLE STATEMENT
Title Investigating the impact of curriculum revamping on first year students productivity skills
260 ## - PUBLICATION, DISTRIBUTION, ETC.
Place of publication, distribution, etc. Islamabad
Name of publisher, distributor, etc. NUST-SEECS
Date of publication, distribution, etc. 2017
300 ## - PHYSICAL DESCRIPTION
Extent 134p.
Accompanying material CD Includes
856 ## - Uniform Resource Identifier
Uniform Resource Identifier <a href="http://10.250.8.41:8080/xmlui/handle/123456789/21728">http://10.250.8.41:8080/xmlui/handle/123456789/21728</a>
942 ## - ADDED ENTRY ELEMENTS (KOHA)
Source of classification or shelving scheme
Koha item type Thesis
Holdings
Withdrawn status Lost status Source of classification or shelving scheme Damaged status Not for loan Collection code Permanent Location Current Location Shelving location Date acquired Source of acquisition Total Checkouts Full call number Barcode Date last seen Price effective from Koha item type Non-public note
            Central Library (CL) Central Library (CL) General Stacks 03/01/2018 NUST-SEECS   MSITE-3 SAD SEECSP02280 03/01/2018 03/01/2018 Project Report  
            Central Library (CL) Central Library (CL) Thesis 10/04/2019     371.33 CL-T-3384 10/04/2019 10/04/2019 Thesis Minute Sheet No. 0929/02/CL/Survey/5 dated 23rd April 2024 E-MIN ID 114741
            Central Library (CL) Central Library (CL) Thesis 12/18/2019     004MSITE-3 SAD CL-T-4317 12/18/2019 12/18/2019 Thesis Minute Sheet No. 0929/02/CL/Survey/5 dated 23rd April 2024 E-MIN ID 114741
© 2023 Central Library, National University of Sciences and Technology. All Rights Reserved.